000 00523nam a2200181Ia 4500
008 100920s9999 xx 000 0 und d
082 _b93794
_a891.463.1 न 06
100 _aदिवार वृंदा.
245 _aअंदाज.
260 _bपायल पब्लिकेशन, पुणे.
_c2006
300 _a221
_bसाधी
365 _b200
520 _aलघुकथा.
630 _aअंदाज.
650 _aलघुकथा.
730 _aअंदाज.
942 _cBOOK
999 _c734237
_d734234